000 00309nam a22001457a 4500
008 210514b ||||| |||| 00| 0 eng d
020 _a088336901x
041 _aeng
080 _a37
082 _a37
100 _a46
101 _aEDU
245 _aLaubach Way to Reading
_cLaubach,F.C
942 _2udc
_cBK
999 _c57326
_d57326